| 000 | 00898cam a22002531 4500 | ||
|---|---|---|---|
| 001 | agr32001315 | ||
| 003 | DLC | ||
| 005 | 20260227110952.0 | ||
| 008 | 881010s1932 gw 000 0 ger c | ||
| 010 | _aagr32001315 | ||
| 035 | _a(OCoLC)18586608 | ||
| 040 |
_aU.S. Dept. of Agr. Libr. _cMoU _dMoU _dDLC |
||
| 042 | _apremarc | ||
| 050 | 0 | 0 |
_aS599.G3 _bH4 |
| 070 | 0 |
_a18 _bG31A heft. 63 |
|
| 100 | 1 | _aHerzog, Heinrich. | |
| 245 | 1 | 0 |
_aBodenbewertung; die Bewertung der mineralischen Ackerböden Deutschlands, _cvon Heinrich Herzog. Die morphologischen Merkmale in der Praxis der Bodenbewertung, von W. Taschenmacher. |
| 260 |
_aBerlin, _bP. Parey, _c1932. |
||
| 300 |
_a93 p. _c27 cm. |
||
| 490 | 1 |
_aBerichte über Landwirtschaft, _vn.f., 63. Sonderheft |
|
| 650 | 0 |
_aSoils _zGermany. |
|
| 700 | 1 |
_aTaschenmacher, Willibald, _d1902- |
|
| 830 | 0 |
_aBerichte über Landwirtschaft. _pSonderheft ; _v63 |
|
| 999 |
_c9539 _d9539 |
||